LEADER 00864nam0-22002891i-450- 001 990003050280403321 035 $a000305028 035 $aFED01000305028 035 $a(Aleph)000305028FED01 035 $a000305028 100 $a20000920d--------km-y0itay50------ba 101 0 $aita 102 $aIT 200 1 $aDistributional Impacts of Proposed Changes to the Social Security System$fJulia Lynn Coronado, Don Fullerton, Thomas Glass 225 1 $aWorking paper series$fNBER$v6989 676 $aM/4.3 702 1$aCoronado,$bJulia Lynn 702 1$aFullerton,$bDon 702 1$aGlass,$bThomas 801 0$aIT$bUNINA$gRICA$2UNIMARC 901 $aBK 912 $a990003050280403321 952 $aPaper$fSES 959 $aSES 996 $aDistributional Impacts of Proposed Changes to the Social Security System$9462846 997 $aUNINA DB $aING01 LEADER 01966nam 2200505 450 001 9910798482103321 005 20230808193246.0 010 $a0-309-37782-X 010 $a0-309-37780-3 035 $a(CKB)3710000000685031 035 $a(EBL)4528553 035 $a(OCoLC)968152403 035 $a(MiAaPQ)EBC4528553 035 $a(EXLCZ)993710000000685031 100 $a20160616h20162016 uy| 0 101 0 $aeng 135 $aur|n|---||||| 181 $2rdacontent 182 $2rdamedia 183 $2rdacarrier 200 00$aEnvisioning the future of health professional education $eworkshop summary /$fPatricia A. Cuff, rapporteur ; Global Forum on Innovation in Health Professional Education, Board on Global Health, Institute of Medicine ; The National Academies of Sciences, Engineering, Medicine 210 1$aWashington, District of Columbia :$cThe National Acadmies Press,$d[2016] 210 4$dİ2016 215 $a1 online resource (175 p.) 300 $aDescription based upon print version of record. 311 $a0-309-37779-X 327 $aPages:1 to 25; Pages:26 to 50; Pages:51 to 75; Pages:76 to 100; Pages:101 to 125; Pages:126 to 150; Pages:151 to 175 606 $aHealth education 606 $aMedical education 615 0$aHealth education. 615 0$aMedical education. 676 $a610.71/1 700 $aCuff$b Patricia A.$01083097 702 $aCuff$b Patricia A. 712 02$aGlobal Forum on Innovation in Health Professional Education, 712 02$aInstitute of Medicine.$bBoard on Global Health, 712 02$aNational Academies of Sciences, Engineering, Medicine, 712 12$aEnvisioning the Future of Health Professional Education (Workshop)$f(2015 :$eWashington, D.C.) 801 0$bMiAaPQ 801 1$bMiAaPQ 801 2$bMiAaPQ 906 $aBOOK 912 $a9910798482103321 996 $aEnvisioning the future of health professional education$93693186 997 $aUNINA